Vóleibol: juegos para el entrenamiento

Salvato in:
Dettagli Bibliografici
Autore principale: Frohner, Berthold (Autore)
Natura: Libro
Lingua:spagnolo
Pubblicazione: Buenos Aires Stadium 1988
Soggetti:
Tags: Aggiungi Tag
Nessun Tag, puoi essere il primo ad aggiungerne!!

MARC

LEADER 00000nam a2200000 a 4500
001 UCW4050
003 CL-VaPUC
008 890802e19880000AG |||||||||||||||||spa|d
082 0 4 |a 796.325  |b FRO  |2 21 
100 0 |a Frohner, Berthold  |e author  |9 308590 
245 1 0 |a Vóleibol: juegos para el entrenamiento 
300 |a 294 p 
942 |c BK 
945 |d 19890802 00:00:00 
260 |a Buenos Aires  |b Stadium  |c 1988 
650 0 |a Voleibol  |9 307522 
583 |a last modification  |c 19890802 00:00:00  |k Rodrigo Vera 
999 |c 217877  |d 217875 
952 |0 0  |1 0  |4 0  |6 796_325000000000000_FRO_1988  |7 0  |8 P  |9 206460  |a BIBEDU  |b BIBEDU  |c BIBEDU_PB  |d 2019-11-15  |i 2742721  |o 796.325 FRO 1988  |p 2742721  |r 2024-01-25  |w 2019-11-15  |y BK  |k EDU 
952 |0 0  |1 0  |4 0  |6 796_325000000000000_FRO_1988  |7 0  |8 P  |9 206461  |a BIBEDU  |b BIBEDU  |c BIBEDU_PB  |d 2019-11-15  |i 274273K  |o 796.325 FRO 1988  |p 274273K  |r 2024-01-25  |w 2019-11-15  |y BK  |k EDU